Nature's magic : (Record no. 8778)

MARC details
000 -LEADER
fixed length control field 01370cam a22003254a 4500
001 - CONTROL NUMBER
control field 12907067
003 - CONTROL NUMBER IDENTIFIER
control field OSt
005 - DATE AND TIME OF LATEST TRANSACTION
control field 20240625094204.0
008 - FIXED-LENGTH DATA ELEMENTS--GENERAL INFORMATION
fixed length control field 020826s2003 nyu b 001 0 eng
010 ## - LIBRARY OF CONGRESS CONTROL NUMBER
LC control number 2002031552
020 ## - INTERNATIONAL STANDARD BOOK NUMBER
International Standard Book Number 0521825474 (HB)
040 ## - CATALOGING SOURCE
Original cataloging agency DLC
Transcribing agency must
Modifying agency DLC
042 ## - AUTHENTICATION CODE
Authentication code pcc
050 00 - LIBRARY OF CONGRESS CALL NUMBER
Classification number QH366.2
Item number .C73 2003
082 00 - DEWEY DECIMAL CLASSIFICATION NUMBER
Classification number 576.8 COR 2003
Edition number 21
100 1# - MAIN ENTRY--PERSONAL NAME
Personal name Corning, Peter A.,
Dates associated with a name 1935-
9 (RLIN) 17741
245 10 - TITLE STATEMENT
Title Nature's magic :
Remainder of title synergy in evolution and the fate of humankind /
Statement of responsibility, etc. Peter A. Corning.
260 ## - PUBLICATION, DISTRIBUTION, ETC. (IMPRINT)
Place of publication, distribution, etc. New York :
Name of publisher, distributor, etc. Cambridge University Press,
Date of publication, distribution, etc. 2003.
300 ## - PHYSICAL DESCRIPTION
Extent ix, 454 p. ;
Dimensions 24 cm.
504 ## - BIBLIOGRAPHY, ETC. NOTE
Bibliography, etc Includes bibliographical references (p. 372-429).
650 #0 - SUBJECT ADDED ENTRY--TOPICAL TERM
Topical term or geographic name as entry element Evolution (Biology)
9 (RLIN) 13605
650 #0 - SUBJECT ADDED ENTRY--TOPICAL TERM
Topical term or geographic name as entry element Human evolution.
9 (RLIN) 281
856 41 - ELECTRONIC LOCATION AND ACCESS
Materials specified Sample text
Uniform Resource Identifier <a href="http://www.loc.gov/catdir/samples/cam033/2002031552.html">http://www.loc.gov/catdir/samples/cam033/2002031552.html</a>
856 42 - ELECTRONIC LOCATION AND ACCESS
Materials specified Publisher description
Uniform Resource Identifier <a href="http://www.loc.gov/catdir/description/cam031/2002031552.html">http://www.loc.gov/catdir/description/cam031/2002031552.html</a>
856 41 - ELECTRONIC LOCATION AND ACCESS
Materials specified Table of contents
Uniform Resource Identifier <a href="http://www.loc.gov/catdir/toc/cam031/2002031552.html">http://www.loc.gov/catdir/toc/cam031/2002031552.html</a>
856 42 - ELECTRONIC LOCATION AND ACCESS
Materials specified Contributor biographical information
Uniform Resource Identifier <a href="http://www.loc.gov/catdir/enhancements/fy0731/2002031552-b.html">http://www.loc.gov/catdir/enhancements/fy0731/2002031552-b.html</a>
906 ## - LOCAL DATA ELEMENT F, LDF (RLIN)
a 7
b cbc
c orignew
d 1
e ocip
f 20
g y-gencatlg
942 ## - ADDED ENTRY ELEMENTS (KOHA)
Source of classification or shelving scheme Dewey Decimal Classification
Koha item type Open Shelf
Holdings
Withdrawn status Lost status Source of classification or shelving scheme Damaged status Not for loan Home library Current library Date acquired Source of acquisition Inventory number Total Checkouts Full call number Barcode Date last seen Price effective from Koha item type
    Other/Generic Classification Scheme     MUST Main Library MUST Main Library 25/06/2024 purchase 04/22153   576.8 COR 2003 2024-21151 25/06/2024 25/06/2024 Open Shelf